000 00600nam a2200205 i 4500
001 117311
003 ES-MaACL
005 20250806034445.0
007 t|
008 070302s1966 sp r ||||1| spa d
100 1 _aPeale, Norman Vincent.
_989806
245 1 0 _aPecado, sexo y autocontrol /
_cNorman V. Peale ; Margarita García.
250 _a[1ª ed.].
260 _aBarcelona :
_bGrijalbo,
_c1966.
300 _a222 p. ;
_c22 cm.
650 7 _aÉtica sexual
_2embne
_912591
700 1 _aGarcía Roig, Margarita.
_955207
852 _aES-MaACL
_jC-30855
_bR.70128
999 _c117311
_d117311